| 000 | 00635nam a22001937a 4500 | ||
|---|---|---|---|
| 999 |
_c15230 _d15230 |
||
| 003 | OSt | ||
| 082 | _2631.75807 ARU/ER | ||
| 088 | _aP 129 | ||
| 100 |
_aARULRAJ M _92815 |
||
| 245 | _aErosion studies using rainfall simulator aond geotextiles | ||
| 260 |
_aTavanur 2002 _bKelappaji College of Agricultural Engineering and Technology |
||
| 300 | _a66 | ||
| 500 | _aErosion studies using rainfall simulator aond geotextiles | ||
| 520 | _aErosion studies using rainfall simulator aond geotextiles | ||
| 700 |
_aGovind Kumar S _92816 |
||
| 700 |
_aPradeep Varghese _92817 |
||
| 700 |
_aEr. Renuka Kumari J (Guide) _92700 |
||
| 942 | _cPR | ||